000
00325nam a22001457a 4500
008
221107b ||||| |||| 00| 0 eng d
020
_a
9780078022500
041
_a
eng
080
_2
8TH EDITION
_a
612.39
082
_a
612.39 ANS
100
_a
16.2
101
_a
NUTRI
245
_a
WELLNESS
_c
ANSPAUGH D
942
_2
udc
_c
BK
999
_c
58756
_d
58756